Things that are Brown by Picture - Statistics

General Stats
  • This quiz has been taken 76 times
  • The average score is 9 of 18
Answer Stats
Picture Hint Answer % Correct
animal Bison
89%
material Cardboard
89%
spice Cinnamon
89%
brand of spread Nutella
88%
food product Maple syrup
81%
package delivery company UPS
74%
dessert Tiramisu
63%
nut Chestnut
61%
mascot Smokey Bear
47%
pigments responsible for dark skin Melanin
46%
spice Star anise
33%
landmark Angkor Wat
28%
type of building Brownstone
28%
bread Pumpernickel
25%
this city's Kiyomizu-dera Kyoto
23%
spider Brown Recluse
18%
mushroom species Shiitake
14%
root vegetable Cassava
11%
No matching quizzes found
Score Distribution
Percent of People with Each Score
Percentile by Number Answered
Your Score History
You have not taken this quiz